000 00618nam a2200229Ia 4500
003 OSt
005 20220923221701.0
006 a|||||r|||| 00| 0
007 ta
008 220922b |||||||| |||| 00| 0 hin d
024 _a199,296
037 _cTextual
040 _aARTS
_cARTS
_bhin
041 _2hin
_ahin
082 _aQ, 152F5
100 _aपरमानन्द
_9156277
245 0 _aदृष्टांतं मजूषां
246 _aDṛuṣhṭāantan majūṣhāan
260 _c1973
942 _hQ, 152F5
_cTEXL
_2CC
999 _c351071
_d351071